[Event "Berlin Spandau op"]
[Site "Berlin"]
[Date "2019.12.29"]
[Round "5"]
[White "Guennigmann, Manuel"]
[Black "Morisse, Matthieu"]
[Result "0-1"]
[WhiteElo "2164"]
[BlackElo "2014"]
[PlyCount "122"]
[EventDate "2019.12.27"]
[EventType "swiss"]
[EventRounds "7"]
[EventCountry "GER"]
[SourceTitle "CBM 194 Extra"]
[Source "ChessBase"]
[SourceDate "2020.03.31"]
[SourceVersion "1"]
[SourceVersionDate "2020.03.31"]
[SourceQuality "1"]

1. e4 e6 2. d4 d5 3. Nc3 Bb4 4. e5 Qd7 5. Bd2 b6 6. Bb5 c6 7. Ba4 Ba6 8. Nce2 Bxd2+ 9. Qxd2 f6 10. Nf3 Bxe2 11. Qxe2 f5 12. c3 Ne7 13. h4 Ng8 14. h5 Nh6 15. Ng5 Qe7 16. Nh3 Qh4 17. 0-0-0 b5 18. Bc2 Nd7 19. g3 Qe7 20. f3 Nb6 21. g4 fxg4 22. fxg4 Nf7 23. Rdf1 Nc4 24. Bd3 0-0-0 25. b3 Na5 26. Kb2 Rdf8 27. Qd2 Nb7 28. g5 Nfd8 29. Qg2 c5 30. Qg4 c4 31. Bc2 b4 32. bxc4 bxc3+ 33. Ka1 Qb4 34. Rb1 Qxc4 35. Bb3 Qb5 36. Rhc1 Qa5 37. Qg3 Rf7 38. Rxc3+ Rc7 39. Rbc1 Rxc3 40. Rxc3+ Kd7 41. Nf4 Rf8 42. Kb2 Qb4 43. Qe3 Na5 44. Nd3 Qb6 45. Nc5+ Ke7 46. Kc2 Nac6 47. g6 h6 48. a3 Rf5 49. Ba4 Rxh5 50. Rb3 Qa5 51. Bxc6 Nxc6 52. Rb7+ Ke8 53. Nxe6 Rh2+ 54. Kb3 Rh4 55. Nxg7+ Kd8 56. Ne6+ Kc8 57. Rc7+ Kb8 58. Qf2 Rh3+ 59. Kc2 Qc3+ 60. Kd1 Qd3+ 61. Kc1 Rh1+ 0-1

[Event "Berlin Spandau op"]
[Site "Berlin"]
[Date "2019.12.27"]
[Round "1"]
[White "Guennigmann, Manuel"]
[Black "Weis, Constantin"]
[Result "1-0"]
[WhiteElo "2164"]
[BlackElo "1756"]
[PlyCount "55"]
[EventDate "2019.12.27"]
[EventType "swiss"]
[EventRounds "7"]
[EventCountry "GER"]
[SourceTitle "CBM 194 Extra"]
[Source "ChessBase"]
[SourceDate "2020.03.31"]
[SourceVersion "1"]
[SourceVersionDate "2020.03.31"]
[SourceQuality "1"]

1. e4 e5 2. Nf3 Nc6 3. Bb5 a6 4. Ba4 Nf6 5. 0-0 Be7 6. Re1 b5 7. Bb3 0-0 8. d4 d6 9. c3 Bg4 10. d5 Na5 11. Bc2 Nb7 12. Nbd2 Qd7 13. h3 Bxf3 14. Qxf3 c6 15. dxc6 Qxc6 16. Nf1 b4 17. Bd2 Rfc8 18. Ne3 bxc3 19. Bxc3 a5 20. Nf5 Bf8 21. Nh6+ gxh6 22. Qxf6 Bg7 23. Qf5 Nc5 24. Re3 Ne6 25. Bb3 Qe8 26. Rg3 Nf4 27. Rxg7+ Kxg7 28. Qxf4 1-0

[Event "Hofheim Spring op 7th"]
[Site "Hofheim"]
[Date "2019.04.27"]
[Round "8"]
[White "Guennigmann, Manuel"]
[Black "Nair, Sanjeev"]
[Result "1-0"]
[WhiteElo "2192"]
[BlackElo "2029"]
[PlyCount "83"]
[EventDate "2019.04.23"]
[EventType "swiss"]
[EventRounds "9"]
[EventCountry "GER"]
[SourceTitle "CBM 190 Extra"]
[Source "ChessBase"]
[SourceDate "2019.07.15"]
[SourceVersion "1"]
[SourceVersionDate "2019.07.15"]
[SourceQuality "1"]

1. e4 c5 2. Nf3 d6 3. Bb5+ Bd7 4. Bxd7+ Qxd7 5. c4 Nc6 6. d4 cxd4 7. Nxd4 g6 8. Nc3 Bg7 9. Be3 Nf6 10. f3 0-0 11. 0-0 Rfd8 12. Qd2 Rac8 13. b3 e6 14. Rad1 d5 15. Nxc6 bxc6 16. e5 Ne8 17. f4 Qe7 18. c5 Qb7 19. Bd4 Nc7 20. g4 Qb4 21. Qf2 Kh8 22. Rd3 Rf8 23. Qh4 a5 24. Rff3 Na6 25. Na4 Rb8 26. Rh3 h6 27. f5 exf5 28. gxf5 gxf5 29. e6 f6 30. a3 Qb7 31. Nb6 Qe7 32. Nd7 Qxe6 33. Nxb8 Rxb8 34. Rde3 Qf7 35. Qf4 Rg8 36. Kh1 Kh7 37. Qxf5+ Qg6 38. Qxg6+ Kxg6 39. Re7 h5 40. Rg3+ Kh6 41. Ra7 Nb8 42. Bxf6 1-0

[Event "Hofheim Spring op-A 5th"]
[Site "Hofheim"]
[Date "2017.04.11"]
[Round "8"]
[White "Zude, Erik"]
[Black "Guennigmann, Manuel"]
[Result "1-0"]
[WhiteElo "2407"]
[BlackElo "2210"]
[PlyCount "114"]
[EventDate "2017.04.07"]
[EventType "swiss"]
[EventRounds "9"]
[EventCountry "GER"]
[SourceTitle "EXT 2018"]
[Source "ChessBase"]
[SourceDate "2017.10.13"]
[SourceVersion "1"]
[SourceVersionDate "2017.10.13"]
[SourceQuality "1"]

1. c4 e5 2. g3 Nc6 3. Bg2 g6 4. Nc3 Bg7 5. Rb1 a5 6. a3 d6 7. b4 axb4 8. axb4 Nf6 9. d3 0-0 10. Nf3 Nd4 11. Nxd4 exd4 12. Nb5 Ng4 13. h3 c6 14. Na3 Nh6 15. 0-0 Nf5 16. Nc2 h5 17. Ne1 Qe7 18. Nf3 Ra2 19. Rb2 Ra7 20. Bg5 Qe6 21. b5 c5 22. Qb3 Re8 23. Re1 Bd7 24. b6 Ra6 25. Ra2 Rxa2 26. Qxa2 Bc6 27. Nh4 Bxg2 28. Nxg2 Be5 29. Qa4 Ng7 30. Bh6 Nf5 31. Bd2 Kh7 32. Rf1 Ng7 33. Kh2 Nf5 34. Kg1 Ng7 35. h4 Nf5 36. Bg5 Rc8 37. Bf4 Bg7 38. Qa7 Qd7 39. Ra1 Re8 40. Ra2 Qc6 41. Rb2 Bf6 42. Qa2 Ng7 43. Bc1 Be5 44. Ne1 Nf5 45. Nf3 Bf6 46. Bf4 Qd7 47. Qa1 Qc6 48. Kf1 Kg8 49. Qa5 Bg7 50. Ra2 Bh6 51. Bg5 Bxg5 52. hxg5 Kg7 53. Qb5 Qc8 54. Ra7 Qe6 55. Qb2 Re7 56. e4 h4 57. Qd2 hxg3 1-0

[Event "Hofheim Spring op-A 5th"]
[Site "Hofheim"]
[Date "2017.04.10"]
[Round "6"]
[White "Malek, Daniel"]
[Black "Guennigmann, Manuel"]
[Result "0-1"]
[WhiteElo "2408"]
[BlackElo "2210"]
[PlyCount "64"]
[EventDate "2017.04.07"]
[EventType "swiss"]
[EventRounds "9"]
[EventCountry "GER"]
[SourceTitle "CBM 177 Extra"]
[Source "ChessBase"]
[SourceDate "2017.04.27"]
[SourceVersion "1"]
[SourceVersionDate "2017.04.27"]
[SourceQuality "1"]

1. d4 Nf6 2. c4 d6 3. Nc3 Nbd7 4. Nf3 e5 5. e4 Be7 6. Be2 0-0 7. 0-0 c6 8. Be3 Re8 9. d5 c5 10. Ne1 Nf8 11. Nd3 Ng6 12. Rb1 Rf8 13. b4 cxb4 14. Rxb4 Nd7 15. Qd2 b6 16. a4 Nc5 17. g3 Bh3 18. Ra1 f5 19. exf5 Bxf5 20. Nxc5 bxc5 21. Rb7 e4 22. Qc2 Bf6 23. Rab1 Re8 24. Kh1 Bd4 25. Nb5 Bxe3 26. fxe3 Re7 27. Nc3 Rxb7 28. Rxb7 Qg5 29. Qd2 Ne5 30. Nb5 Qf6 31. Qb2 Bg4 32. Nc7 Qf2 0-1

[Event "Basel op"]
[Site "Basel"]
[Date "2017.01.06"]
[Round "6"]
[White "Zwahr, Paul"]
[Black "Guennigmann, Manuel"]
[Result "0-1"]
[WhiteElo "2325"]
[BlackElo "2183"]
[PlyCount "76"]
[EventDate "2017.01.02"]
[EventType "swiss"]
[EventRounds "9"]
[EventCountry "SUI"]
[SourceTitle "CBM 176 Extra"]
[Source "ChessBase"]
[SourceDate "2017.03.02"]
[SourceVersion "1"]
[SourceVersionDate "2017.03.02"]
[SourceQuality "1"]

1. e4 c5 2. Nf3 Nc6 3. d4 cxd4 4. Nxd4 Nf6 5. Nc3 e5 6. Ndb5 d6 7. Bg5 a6 8. Na3 b5 9. Bxf6 gxf6 10. Nd5 Bg7 11. Bd3 Ne7 12. Nxe7 Qxe7 13. 0-0 0-0 14. c4 f5 15. Qh5 f4 16. cxb5 d5 17. Rfe1 f5 18. exd5 e4 19. Rad1 Qb4 20. Bc4 Qxb2 21. d6+ Kh8 22. d7 Bb7 23. bxa6 Bc6 24. Nb5 Bxb5 25. Bd5 Rad8 26. a7 Bd4 27. a8Q Qxf2+ 28. Kh1 Rxa8 29. Bxa8 Rxa8 30. Qxf5 f3 31. gxf3 Rg8 32. Qh3 Bxd7 33. Qf1 Qxf3+ 34. Qxf3 exf3 35. h4 f2 36. Rf1 Bc6+ 37. Kh2 Be5+ 38. Kh3 Bg2# 0-1

[Event "Basel op"]
[Site "Basel"]
[Date "2017.01.03"]
[Round "2"]
[White "Guennigmann, Manuel"]
[Black "Botta, Gabriele"]
[Result "1-0"]
[WhiteElo "2183"]
[BlackElo "2377"]
[PlyCount "89"]
[EventDate "2017.01.02"]
[EventType "swiss"]
[EventRounds "9"]
[EventCountry "SUI"]
[SourceTitle "CBM 176 Extra"]
[Source "ChessBase"]
[SourceDate "2017.03.02"]
[SourceVersion "1"]
[SourceVersionDate "2017.03.02"]
[SourceQuality "1"]

1. e4 c5 2. Nf3 e6 3. d4 cxd4 4. Nxd4 a6 5. Bd3 Nf6 6. 0-0 Qc7 7. Qe2 d6 8. f4 Nbd7 9. Kh1 g6 10. f5 e5 11. Ne6 fxe6 12. fxe6 Bg7 13. exd7+ Bxd7 14. Nc3 0-0 15. Bc4+ Kh8 16. Bg5 b5 17. Bxf6 Bxf6 18. Bb3 Bc6 19. Bd5 Bg7 20. a3 Rac8 21. Bxc6 Qxc6 22. Rxf8+ Rxf8 23. Rf1 Rc8 24. Rf2 Bh6 25. Nd5 Qc4 26. c3 Qxe2 27. Rxe2 Rc4 28. b3 Rc6 29. Ra2 a5 30. a4 bxa4 31. Rxa4 Bd2 32. Ra2 Be1 33. g3 Rc5 34. Rc2 Rb5 35. Re2 Rxd5 36. exd5 Bxc3 37. Rc2 Bb4 38. Rc7 Kg8 39. Kg2 h6 40. g4 Kf8 41. Kf3 Be1 42. Ra7 Kg8 43. Ke4 Kf8 44. Rd7 Bb4 45. h4 1-0

[Event "Basel op"]
[Site "Basel"]
[Date "2017.01.03"]
[Round "3"]
[White "Guennigmann, Manuel"]
[Black "Korpa, Bence"]
[Result "0-1"]
[WhiteElo "2183"]
[BlackElo "2473"]
[PlyCount "70"]
[EventDate "2017.01.02"]
[EventType "swiss"]
[EventRounds "9"]
[EventCountry "SUI"]
[SourceTitle "CBM 176 Extra"]
[Source "ChessBase"]
[SourceDate "2017.03.02"]
[SourceVersion "1"]
[SourceVersionDate "2017.03.02"]
[SourceQuality "1"]

1. e4 c5 2. Nf3 e6 3. d4 cxd4 4. Nxd4 a6 5. Bd3 Nf6 6. 0-0 d6 7. Qe2 Nbd7 8. Nc3 Qc7 9. Kh1 b5 10. Bd2 Bb7 11. a3 g6 12. f4 Bg7 13. Nb3 0-0 14. a4 b4 15. Nd1 a5 16. c3 e5 17. cxb4 axb4 18. Bxb4 exf4 19. Nc3 Nc5 20. Nb5 Qe7 21. Nxc5 dxc5 22. Bc3 Nh5 23. Bxg7 Kxg7 24. Nc3 Qg5 25. Qf3 Ng3+ 26. Kg1 Nxf1 27. Rxf1 Ba6 28. Bxa6 Rxa6 29. Qxf4 Qxf4 30. Rxf4 Rb8 31. Rf2 Rb4 32. Kf1 Ra7 33. Rc2 Rab7 34. Ke2 Rxb2 35. Rxb2 Rxb2+ 0-1

[Event "Basel op"]
[Site "Basel"]
[Date "2017.01.02"]
[Round "1"]
[White "Benkovic, Petar"]
[Black "Guennigmann, Manuel"]
[Result "1/2-1/2"]
[WhiteElo "2424"]
[BlackElo "2183"]
[PlyCount "99"]
[EventDate "2017.01.02"]
[EventType "swiss"]
[EventRounds "9"]
[EventCountry "SUI"]
[SourceTitle "CBM 176 Extra"]
[Source "ChessBase"]
[SourceDate "2017.03.02"]
[SourceVersion "1"]
[SourceVersionDate "2017.03.02"]
[SourceQuality "1"]

1. Nf3 Nf6 2. c4 d6 3. d4 Nbd7 4. Nc3 e5 5. e4 Be7 6. Be2 0-0 7. 0-0 c6 8. Re1 a6 9. Qc2 Qc7 10. a3 Re8 11. b4 b5 12. Bb2 Bb7 13. Rad1 Bf8 14. dxe5 Nxe5 15. Nxe5 dxe5 16. c5 Rad8 17. Bd3 Nh5 18. Ne2 Bc8 19. Qc3 Be6 20. Bc2 Bc4 21. g3 Rxd1 22. Bxd1 Nf6 23. Bc2 Qd7 24. Kg2 h5 25. Ng1 Qe7 26. Nf3 Nd7 27. Rd1 f6 28. Bb3 Bxb3 29. Qxb3+ Kh7 30. h4 Kh8 31. Rd3 Nb8 32. Qd1 Qf7 33. Ne1 Qg6 34. Qf3 Be7 35. Nc2 Rd8 36. Rxd8+ Bxd8 37. Ne3 Bc7 38. Nf5 Qf7 39. g4 Qg6 40. Kh3 hxg4+ 41. Qxg4 Qxg4+ 42. Kxg4 g6 43. Ne7 Kg7 44. h5 gxh5+ 45. Kxh5 Kf7 46. Nf5 Nd7 47. Nh6+ Kg7 48. Nf5+ Kf7 49. Nh6+ Kg7 50. Nf5+ 1/2-1/2

[Event "Oberliga Nord W 1516"]
[Site "Germany"]
[Date "2016.01.17"]
[Round "5.1"]
[White "Borik, Otto"]
[Black "Guennigmann, Manuel"]
[Result "1-0"]
[WhiteElo "2381"]
[BlackElo "2213"]
[PlyCount "99"]
[EventDate "2015.09.20"]
[EventType "team-tourn"]
[EventRounds "9"]
[EventCountry "GER"]
[SourceTitle "CBM 170 Extra"]
[Source "ChessBase"]
[SourceDate "2016.02.25"]
[SourceVersion "1"]
[SourceVersionDate "2016.02.25"]
[SourceQuality "1"]
[WhiteTeam "Bremer SG"]
[BlackTeam "Stade"]
[WhiteTeamCountry "GER"]
[BlackTeamCountry "GER"]

1. d4 Nf6 2. Nf3 d6 3. Nc3 Bf5 4. g3 d5 5. Bg2 e6 6. Nh4 Bg6 7. Nxg6 hxg6 8. 0-0 Nbd7 9. e4 dxe4 10. Nxe4 Nxe4 11. Bxe4 c6 12. c3 Nf6 13. Bf3 Be7 14. Kg2 Qd7 15. h4 0-0 16. Rh1 Rfd8 17. Qe2 c5 18. dxc5 Bxc5 19. Bg5 Be7 20. Rad1 Qc7 21. Bf4 Qb6 22. Be3 Qc7 23. Bd4 Rd7 24. Be5 Qc8 25. Qb5 a6 26. Qb3 Nd5 27. h5 g5 28. h6 f6 29. c4 Nb4 30. Bc3 Rxd1 31. Rxd1 a5 32. c5 Bxc5 33. Re1 Ra6 34. a3 Nd3 35. Rxe6 Rxe6 36. Bd5 Kh7 37. Bxe6 Qc6+ 38. Bd5 Qe8 39. hxg7 Kxg7 40. Qxb7+ Qe7 41. Qxe7+ Bxe7 42. Be4 Nc5 43. Bc2 a4 44. Kf3 Kf7 45. Ke3 Nb3 46. Bxb3+ axb3 47. Ke4 Ke6 48. g4 Bc5 49. f3 Be7 50. a4 1-0

[Event "Niedersachsen-ch"]
[Site "Verden"]
[Date "2016.01.05"]
[Round "6"]
[White "Laubsch, Bernd"]
[Black "Guennigmann, Manuel"]
[Result "1/2-1/2"]
[WhiteElo "2275"]
[BlackElo "2213"]
[PlyCount "47"]
[EventDate "2016.01.03"]
[EventType "swiss"]
[EventRounds "7"]
[EventCountry "GER"]
[SourceTitle "EXT 2018"]
[Source "ChessBase"]
[SourceDate "2017.10.13"]
[SourceVersion "1"]
[SourceVersionDate "2017.10.13"]
[SourceQuality "1"]

1. e4 c5 2. Nf3 Nc6 3. d4 cxd4 4. Nxd4 Nf6 5. Nc3 e5 6. Ndb5 d6 7. Nd5 Nxd5 8. exd5 Nb8 9. a4 Be7 10. Be2 0-0 11. 0-0 Nd7 12. Kh1 f5 13. f4 a6 14. Na3 exf4 15. Bxf4 g5 16. Be3 Ne5 17. Nc4 Nxc4 18. Bxc4 Bf6 19. Bd4 Bd7 20. Qd2 Rc8 21. Bb3 f4 22. Rae1 Bxd4 23. Qxd4 Qf6 24. Qxf6 1/2-1/2

[Event "Niedersachsen-ch"]
[Site "Verden"]
[Date "2016.01.03"]
[Round "1"]
[White "Guennigmann, Manuel"]
[Black "Polster, Christian"]
[Result "1/2-1/2"]
[WhiteElo "2213"]
[BlackElo "2012"]
[PlyCount "53"]
[EventDate "2016.01.03"]
[EventType "swiss"]
[EventRounds "7"]
[EventCountry "GER"]
[SourceTitle "EXT 2018"]
[Source "ChessBase"]
[SourceDate "2017.10.13"]
[SourceVersion "1"]
[SourceVersionDate "2017.10.13"]
[SourceQuality "1"]

1. e4 c5 2. Nf3 d6 3. Bb5+ Bd7 4. Bxd7+ Nxd7 5. b3 Ngf6 6. Qe2 g6 7. Bb2 Bg7 8. c4 0-0 9. d4 cxd4 10. Nxd4 Qa5+ 11. Nd2 a6 12. 0-0 Rfc8 13. a4 Nc5 14. Rad1 Qb6 15. Ba1 Nfd7 16. Qe3 Ne6 17. N2f3 Rab8 18. Rfe1 Nxd4 19. Bxd4 Bxd4 20. Nxd4 Nc5 21. Rb1 Ne6 22. Nxe6 Qxe3 23. Rxe3 fxe6 24. f4 b5 25. axb5 axb5 26. cxb5 Rxb5 27. Kf2 1/2-1/2

[Event "Niedersachsen-ch op-A"]
[Site "Verden"]
[Date "2015.01.03"]
[Round "4"]
[White "Gerland, Felix"]
[Black "Guennigmann, Manuel"]
[Result "1/2-1/2"]
[WhiteElo "2151"]
[BlackElo "2167"]
[PlyCount "87"]
[EventDate "2015.01.02"]
[EventType "swiss"]
[EventRounds "7"]
[EventCountry "GER"]
[SourceTitle "EXT 2018"]
[Source "ChessBase"]
[SourceDate "2017.10.13"]
[SourceVersion "1"]
[SourceVersionDate "2017.10.13"]
[SourceQuality "1"]

1. c4 e5 2. g3 Nc6 3. Bg2 g6 4. Nc3 Bg7 5. e3 d6 6. Nge2 Nh6 7. d3 0-0 8. 0-0 Be6 9. b4 Qd7 10. b5 Nd8 11. Re1 Bh3 12. Bh1 g5 13. d4 f6 14. c5 Nhf7 15. a4 g4 16. cxd6 cxd6 17. Bd5 Qf5 18. Bd2 Kh8 19. Qb1 Qh5 20. Kh1 Ng5 21. Qf5 Ndf7 22. Bxf7 Qxf7 23. Ng1 Qe6 24. Qxe6 Nxe6 25. Nxh3 gxh3 26. Ne2 Rfc8 27. Rac1 d5 28. Rxc8+ Rxc8 29. Rc1 Rxc1+ 30. Bxc1 exd4 31. exd4 f5 32. Be3 h6 33. Kg1 Ng5 34. Bxg5 hxg5 35. Kf1 Kg8 36. Ke1 Kf7 37. Kd2 Ke6 38. Kd3 Bh6 39. Nc3 Kd6 40. Nd1 g4 41. Ne3 Ke6 42. Ke2 Bg7 43. Kd3 Bh6 44. Ke2 1/2-1/2

[Event "Forchheim op-A 13th"]
[Site "Forchheim"]
[Date "2014.10.04"]
[Round "3"]
[White "Pichl, Michael"]
[Black "Guennigmann, Manuel"]
[Result "0-1"]
[WhiteElo "2037"]
[BlackElo "2177"]
[PlyCount "138"]
[EventDate "2014.10.03"]
[EventType "swiss"]
[EventRounds "5"]
[EventCountry "GER"]
[SourceTitle "EXT 2019"]
[Source "ChessBase"]
[SourceDate "2018.10.10"]
[SourceVersion "1"]
[SourceVersionDate "2018.10.10"]
[SourceQuality "1"]

1. g3 e5 2. Bg2 Nc6 3. c4 g6 4. Nc3 Bg7 5. Nf3 d6 6. d3 f5 7. 0-0 Nf6 8. Rb1 Be6 9. b4 Qd7 10. b5 Nd8 11. c5 h6 12. cxd6 cxd6 13. d4 e4 14. d5 Bf7 15. Ne1 0-0 16. Bb2 g5 17. Qd2 Bg6 18. Nc2 Ng4 19. Ba1 Rc8 20. f4 Qc7 21. Rb3 gxf4 22. gxf4 b6 23. e3 Nb7 24. h3 Nf6 25. Nd4 Nc5 26. Ra3 Qf7 27. Nc6 Rc7 28. Kh2 Kh7 29. Rg1 Rg8 30. Bf1 Bh5 31. Bc4 Bf3 32. Ne2 Nh5 33. Bxg7 Rxg7 34. Ng3 Nxg3 35. Rxg3 Rxg3 36. Kxg3 Qg6+ 37. Kf2 Qg2+ 38. Ke1 Qg1+ 39. Bf1 Nd3+ 40. Rxd3 exd3 41. Qxd3 Qg3+ 42. Kd2 Qf2+ 43. Be2 Qxe2+ 44. Qxe2 Bxe2 45. Kxe2 Kg6 46. Kf3 Kf6 47. a4 Rc8 48. Ke2 Ra8 49. Kd3 a5 50. Nd4 Rg8 51. Nb3 Rg1 52. Nd2 Ra1 53. Nc4 Rxa4 54. Nxd6 Rb4 55. Kc3 h5 56. h4 Rb1 57. Kc2 Rh1 58. Nc4 Ke7 59. Nxb6 Kd6 60. Nc4+ Kxd5 61. Nxa5 Kc5 62. Nb3+ Kxb5 63. Nd4+ Kc4 64. Nxf5 Rh2+ 65. Kd1 Kd3 66. Ke1 Ke4 67. Ng3+ Kf3 68. Nxh5 Kxe3 69. Ng3 Kxf4 0-1

[Event "Forchheim op-A 13th"]
[Site "Forchheim"]
[Date "2014.10.03"]
[Round "1"]
[White "Liepold, Stefan"]
[Black "Guennigmann, Manuel"]
[Result "1-0"]
[WhiteElo "2137"]
[BlackElo "2177"]
[PlyCount "77"]
[EventDate "2014.10.03"]
[EventType "swiss"]
[EventRounds "5"]
[EventCountry "GER"]
[SourceTitle "EXT 2019"]
[Source "ChessBase"]
[SourceDate "2018.10.10"]
[SourceVersion "1"]
[SourceVersionDate "2018.10.10"]
[SourceQuality "1"]

1. e4 c5 2. Nf3 Nc6 3. d4 cxd4 4. Nxd4 Nf6 5. Nc3 e5 6. Ndb5 d6 7. Bg5 a6 8. Na3 b5 9. Bxf6 gxf6 10. Nd5 Bg7 11. Bd3 Ne7 12. Nxe7 Qxe7 13. 0-0 0-0 14. c4 f5 15. Qf3 d5 16. cxd5 fxe4 17. Bxe4 Rb8 18. Rad1 Qh4 19. g3 Qh3 20. Qb3 Rd8 21. Nc2 Rb6 22. Bg2 Qh5 23. Ne3 Rh6 24. h4 Rhd6 25. Rc1 f5 26. Bh3 Bd7 27. Rc7 f4 28. Bxd7 R6xd7 29. d6+ Qf7 30. Nf5 Qxb3 31. axb3 Bf8 32. Rxd7 Rxd7 33. g4 Kf7 34. Rc1 Ke6 35. Rc6 h5 36. f3 hxg4 37. fxg4 Bxd6 38. h5 Kd5 39. Rxd6+ 1-0

[Event "GER-chT U20"]
[Site "Osnabrueck"]
[Date "2013.12.30"]
[Round "7.1"]
[White "Guennigmann, Manuel"]
[Black "Kremser, Michael"]
[Result "1-0"]
[WhiteElo "2178"]
[BlackElo "2051"]
[PlyCount "97"]
[EventDate "2013.12.27"]
[EventType "team-swiss"]
[EventRounds "7"]
[EventCountry "GER"]
[SourceTitle "EXT 2015"]
[Source "ChessBase"]
[SourceDate "2014.11.20"]
[SourceVersion "1"]
[SourceVersionDate "2014.11.20"]
[SourceQuality "1"]
[WhiteTeam "Stade"]
[BlackTeam "Koeln Porz"]
[WhiteTeamCountry "GER"]
[BlackTeamCountry "GER"]

1. e4 c5 2. Nf3 e6 3. d4 cxd4 4. Nxd4 a6 5. Bd3 Qc7 6. Nc3 d6 7. 0-0 Nf6 8. Qe2 Nbd7 9. Bd2 Be7 10. Kh1 Ne5 11. f4 Nxd3 12. cxd3 0-0 13. Rac1 Qd7 14. f5 e5 15. Nc2 d5 16. exd5 Nxd5 17. Qxe5 Nxc3 18. Bxc3 Bf6 19. Qg3 Bxc3 20. bxc3 Rd8 21. Rce1 g6 22. Nd4 b5 23. Qg5 Bb7 24. fxg6 hxg6 25. Re7 Qd5 26. Rfxf7 Qxf7 27. Rxf7 Kxf7 28. Qf4+ Kg8 29. Qf6 Rd7 30. Ne6 Be4 31. h3 Bxd3 32. Nc5 Rf7 33. Qc6 Rd8 34. Nxd3 Kh7 35. Ne5 Rg7 36. Qxa6 Rd5 37. Qf6 Rc5 38. Nxg6 Rc4 39. Nf8+ Kg8 40. Ne6 Ra7 41. Qg5+ Kh7 42. Qh5+ Kg8 43. Qxb5 Rca4 44. c4 Rxa2 45. Qe8+ Kh7 46. c5 R2a5 47. c6 Re5 48. Nf8+ Kh6 49. Qg6# 1-0

[Event "GER-chT U20"]
[Site "Osnabrueck"]
[Date "2013.12.27"]
[Round "1.1"]
[White "Braeuer, Franz"]
[Black "Guennigmann, Manuel"]
[Result "1-0"]
[WhiteElo "2278"]
[BlackElo "2178"]
[PlyCount "137"]
[EventDate "2013.12.27"]
[EventType "team-swiss"]
[EventRounds "7"]
[EventCountry "GER"]
[SourceTitle "EXT 2015"]
[Source "ChessBase"]
[SourceDate "2014.11.20"]
[SourceVersion "1"]
[SourceVersionDate "2014.11.20"]
[SourceQuality "1"]
[WhiteTeam "Erfurt"]
[BlackTeam "Stade"]
[WhiteTeamCountry "GER"]
[BlackTeamCountry "GER"]

1. e4 c5 2. Nf3 Nc6 3. Nc3 e5 4. Bc4 d6 5. d3 h6 6. 0-0 g5 7. Nd5 Bg7 8. c3 Nge7 9. Nd2 0-0 10. a3 Nxd5 11. Bxd5 Ne7 12. Ba2 d5 13. Re1 Be6 14. Nf1 Qd7 15. Ng3 Rad8 16. Qd2 Ng6 17. h3 d4 18. Bxe6 fxe6 19. c4 Nf4 20. Qd1 Qf7 21. Rf1 Qg6 22. b4 Rf7 23. Bxf4 exf4 24. Nh5 Be5 25. Qg4 f3 26. g3 b6 27. bxc5 bxc5 28. Rfb1 Rb8 29. Rxb8+ Bxb8 30. Rb1 Bd6 31. Kf1 Kh7 32. Ke1 Bc7 33. Kd1 e5 34. Kc2 Qa6 35. Rb3 Kg6 36. Kb1 Qc6 37. Ka2 Qd7 38. Qxd7 Rxd7 39. g4 Bb6 40. Rb5 Rd6 41. Ng3 a6 42. Rb2 Ba5 43. Kb1 Rb6 44. Nf1 h5 45. Rxb6+ Bxb6 46. gxh5+ Kxh5 47. Nh2 Kh4 48. Nxf3+ Kxh3 49. Nxe5 g4 50. Kc2 Bc7 51. Nf7 Kg2 52. e5 Kxf2 53. e6 g3 54. e7 g2 55. Ng5 Kg3 56. e8Q g1Q 57. Ne4+ Kf3 58. Nd2+ Kf2 59. Qf7+ Ke2 60. Qh5+ Kf2 61. Qf3+ Ke1 62. Qd1+ Kf2 63. Ne4+ Kg2 64. Qg4+ Kh1 65. Qxg1+ Kxg1 66. Nxc5 a5 67. Ne6 Bd6 68. c5 Be7 69. c6 1-0

[Event "GER-chT U20"]
[Site "Osnabrueck"]
[Date "2013.12.27"]
[Round "2.1"]
[White "Guennigmann, Manuel"]
[Black "Schroeder, Kevin"]
[Result "0-1"]
[WhiteElo "2178"]
[BlackElo "2136"]
[PlyCount "114"]
[EventDate "2013.12.27"]
[EventType "team-swiss"]
[EventRounds "7"]
[EventCountry "GER"]
[SourceTitle "EXT 2015"]
[Source "ChessBase"]
[SourceDate "2014.11.20"]
[SourceVersion "1"]
[SourceVersionDate "2014.11.20"]
[SourceQuality "1"]
[WhiteTeam "Stade"]
[BlackTeam "Lippstadt Turm"]
[WhiteTeamCountry "GER"]
[BlackTeamCountry "GER"]

1. e4 e5 2. Nf3 Nf6 3. Nxe5 Nxe4 4. Qe2 Qe7 5. Qxe4 d6 6. d4 dxe5 7. dxe5 Nc6 8. Bb5 Bd7 9. 0-0 0-0-0 10. Nc3 a6 11. Ba4 Qb4 12. Bb3 Qxe4 13. Nxe4 Nxe5 14. Bf4 Ng6 15. Be3 f6 16. Nc5 Bxc5 17. Bxc5 Bc6 18. f3 Bd5 19. c4 Bf7 20. Rac1 Nf4 21. Rcd1 Nd3 22. Ba3 Rhe8 23. Rd2 Ne5 24. Rxd8+ Rxd8 25. Rc1 a5 26. f4 Nd3 27. Rf1 Rd4 28. Rd1 Nxf4 29. Rxd4 Ne2+ 30. Kf2 Nxd4 31. Ke3 Ne6 32. c5 Nd8 33. Bc2 Nc6 34. b3 Bg6 35. Bxg6 hxg6 36. Bb2 Kd7 37. g4 g5 38. Ke4 Ke6 39. a3 g6 40. Bc3 f5+ 41. Ke3 Kd5 42. gxf5 gxf5 43. Bf6 f4+ 44. Kf3 Ne5+ 45. Kg2 g4 46. Bd8 a4 47. bxa4 c6 48. Bc7 Ke4 49. Bd6 Nd3 50. a5 Ke3 51. Kf1 Kf3 52. Be7 g3 53. hxg3 fxg3 54. Bg5 Nxc5 55. Bd8 Ne4 56. Bb6 c5 57. Kg1 c4 0-1

[Event "GER-chT Lands U20"]
[Site "Hannover"]
[Date "2013.10.03"]
[Round "3.1"]
[White "Kollars, Dmitrij"]
[Black "Guennigmann, Manuel"]
[Result "1-0"]
[WhiteElo "2120"]
[BlackElo "2151"]
[PlyCount "112"]
[EventDate "2013.10.02"]
[EventType "team-swiss"]
[EventRounds "7"]
[EventCountry "GER"]
[SourceTitle "EXT 2014"]
[Source "ChessBase"]
[SourceDate "2013.11.20"]
[SourceVersion "1"]
[SourceVersionDate "2013.11.20"]
[SourceQuality "1"]
[WhiteTeam "Bremen"]
[BlackTeam "Niedersachsen II"]
[WhiteTeamCountry "GER"]
[BlackTeamCountry "GER"]

1. e4 c5 2. Nf3 Nc6 3. d4 cxd4 4. Nxd4 Nf6 5. Nc3 e5 6. Ndb5 d6 7. Nd5 Nxd5 8. exd5 Nb8 9. c4 Be7 10. Bd3 0-0 11. 0-0 a6 12. Nc3 f5 13. f3 Bg5 14. Kh1 Nd7 15. b4 Bxc1 16. Rxc1 Qh4 17. Qe2 Rf6 18. g3 Qh3 19. Qg2 Qh6 20. Bc2 Rf8 21. Qf2 Nf6 22. Rg1 e4 23. Rce1 Bd7 24. Bd1 exf3 25. Bxf3 Ng4 26. Bxg4 fxg4 27. Qd4 Rae8 28. Rgf1 Qh3 29. Rxf8+ Rxf8 30. Kg1 Qh6 31. Ne4 Re8 32. Rf1 Qg6 33. Rf4 Bf5 34. Nd2 h5 35. c5 dxc5 36. bxc5 Kh8 37. Nc4 Re1+ 38. Kg2 Re2+ 39. Rf2 Be4+ 40. Kg1 Re1+ 41. Rf1 Rxf1+ 42. Kxf1 Qf5+ 43. Ke2 Bxd5 44. Nd6 Qf3+ 45. Kd2 Bxa2 46. Kc2 Bg8 47. Qe5 Qb3+ 48. Kd2 Qd5+ 49. Qxd5 Bxd5 50. Kc3 Kg8 51. Kd4 Bc6 52. Nc4 Kf7 53. Ke5 Ke7 54. Kf5 Bf3 55. Kg6 Ke6 56. Na5 Ke5 1-0